| 000 | 00352nam a2200133Ia 4500 | ||
|---|---|---|---|
| 008 | 240624s9999 xx 000 0 und d | ||
| 041 | _aeng | ||
| 082 | _a658.421 SAR | ||
| 100 | _aSARASVATHY SARAS D | ||
| 245 | _aEFFECTUATION ELEMENTS OF ENTREPRENEURIAL | ||
| 260 |
_c2009 _aCheltenham _bEdward Elgar Publishing |
||
| 300 | _a392 : p. | ||
| 365 |
_c _b30 |
||
| 999 |
_c28613 _d28613 |
||